Comnet III User Manual: (Record no. 193308)
[ view plain ]
| 000 -LEADER | |
|---|---|
| fixed length control field | 00721 a2200157 4500 |
| 003 - CONTROL NUMBER IDENTIFIER | |
| control field | NUST |
| 005 - DATE AND TIME OF LATEST TRANSACTION | |
| control field | 20230529130352.0 |
| 040 ## - CATALOGING SOURCE | |
| Transcribing agency | Nust |
| 082 ## - DEWEY DECIMAL CLASSIFICATION NUMBER | |
| Classification number | 004.65,CAC |
| 245 ## - TITLE STATEMENT | |
| Title | Comnet III User Manual: |
| Remainder of title | Planning for network managers release 1.2 / |
| Statement of responsibility, etc. | CACI |
| 260 ## - PUBLICATION, DISTRIBUTION, ETC. | |
| Place of publication, distribution, etc. | New York |
| Name of publisher, distributor, etc. | CACI |
| Date of publication, distribution, etc. | 1995 |
| 300 ## - PHYSICAL DESCRIPTION | |
| Extent | x,401 p.: |
| 505 ## - FORMATTED CONTENTS NOTE | |
| Formatted contents note | Introduction (Page-1), Quick Start (Page-7), Overview of Modeling Constructs (Page-21), Modeling Constructs (Page-31), Creating COMNET iii Models (Page-277), Reports (Page-303), Plots and Percentiles (Page-363), Simgraphics ii Graphics Editor (Page-367), Traflink (Page-375), Statistical Distribution Functions (Page-377). |
| 650 ## - SUBJECT ADDED ENTRY--TOPICAL TERM | |
| Topical term or geographic name entry element | Network managers |
| 9 (RLIN) | 112760 |
| 942 ## - ADDED ENTRY ELEMENTS (KOHA) | |
| Source of classification or shelving scheme | |
| Koha item type | Book |
| Call number prefix | 004.65,CAC |
| Withdrawn status | Lost status | Source of classification or shelving scheme | Damaged status | Not for loan | Permanent Location | Current Location | Shelving location | Date acquired | Full call number | Barcode | Date last seen | Price effective from | Koha item type | Public note |
|---|---|---|---|---|---|---|---|---|---|---|---|---|---|---|
| Military College of Signals (MCS) | Military College of Signals (MCS) | General Stacks | 12/12/2016 | 004.65,CAC | MCS2833 | 12/08/2016 | 12/12/2016 | Book | Almirah No.80, Shelf No.1 |
